Т. 4; Полное собрание пьес; Смуглая леди сонетов; Первая пьеса Фанни; Андрокл и лев; Охваченные страстью; Пигмалион; Великая Екатерина; Лечение музыкой; О'Флаэрти, кавалер ордена Виктории; Инка Перусалемский; Огастес выполняет свой долг; Аннаянска, сумасбродная великая княжна; Дом, где разбиваются сердца
| Parent link: | Полное собрание пьес: В 6-ти т./ Дж. Б. Шоу; под общей ред. А. А. Аникста ; сост. С. Л. Сухарев. Т. 4.— , 1978- |
|---|---|
| Lingua: | russo |
| Pubblicazione: |
1978
|
| TOC: | Смуглая леди сонетов; Первая пьеса Фанни; Андрокл и лев; Охваченные страстью; Пигмалион; Великая Екатерина; Лечение музыкой; О'Флаэрти, кавалер ордена Виктории; Инка Перусалемский; Огастес выполняет свой долг; Аннаянска, сумасбродная великая княжна; Дом, где разбиваются сердца; |
| Soggetti: | |
| Natura: | MixedMaterials Libro |
| KOHA link: | https://koha.lib.tpu.ru/cgi-bin/koha/opac-detail.pl?biblionumber=169195 |
MARC
| LEADER | 00000nam2a2200000 4500 | ||
|---|---|---|---|
| 001 | 169195 | ||
| 005 | 20231101222817.0 | ||
| 035 | |a (RuTPU)RU\TPU\book\183534 | ||
| 035 | |a RU\TPU\book\183533 | ||
| 090 | |a 169195 | ||
| 100 | |a 20091109d1978 m y0rusy50 ca | ||
| 101 | 1 | |a rus |c eng | |
| 102 | |a RU | ||
| 105 | |a a z 001ay | ||
| 200 | 0 | |a Т. 4 | |
| 210 | |d 1978 | ||
| 215 | |a 654 с. | ||
| 320 | |a Библиогр. в примеч.: с. 603-652 | ||
| 461 | 1 | |0 (RuTPU)RU\TPU\book\183455 |t Полное собрание пьес |o В 6-ти т. |f Дж. Б. Шоу |g под общей ред. А. А. Аникста ; сост. С. Л. Сухарев |v Т. 4 |d 1978- | |
| 464 | |t Смуглая леди сонетов | ||
| 464 | |t Первая пьеса Фанни | ||
| 464 | |t Андрокл и лев | ||
| 464 | |t Охваченные страстью | ||
| 464 | |t Пигмалион | ||
| 464 | |t Великая Екатерина | ||
| 464 | |t Лечение музыкой | ||
| 464 | |t О'Флаэрти, кавалер ордена Виктории | ||
| 464 | |t Инка Перусалемский | ||
| 464 | |t Огастес выполняет свой долг | ||
| 464 | |t Аннаянска, сумасбродная великая княжна | ||
| 464 | |t Дом, где разбиваются сердца | ||
| 606 | 1 | |a Английская литература |2 stltpush |3 (RuTPU)RU\TPU\subj\29042 |9 52454 | |
| 610 | 1 | |a ирландская литература | |
| 610 | 1 | |a пьесы | |
| 675 | |a 82 |v 3 | ||
| 801 | 1 | |a RU |b 63413507 |c 20091106 | |
| 801 | 2 | |a RU |b 63413507 |c 20091109 |g RCR | |
| 942 | |c BK | ||